Surviving the peace : (Record no. 4634)

MARC details
000 -LEADER
fixed length control field 00873nam a22002297a 4500
005 - DATE AND TIME OF LATEST TRANSACTION
control field 20240118123603.0
008 - FIXED-LENGTH DATA ELEMENTS--GENERAL INFORMATION
fixed length control field 240117b2007 |||||||| |||| 00| 0 eng d
020 ## - ISBN
ISBN 3927783862
022 ## - INTERNATIONAL STANDARD SERIAL NUMBER
ISSN 09496858
082 ## - DEWEY DECIMAL CLASSIFICATION NUMBER
Classification number 361.7
Item number DUD
942 ## - ADDED ENTRY ELEMENTS (KOHA)
Item Type Reports
100 ## - MAIN ENTRY--PERSONAL NAME
Personal Name Dudouet, Veronique
245 ## - TITLE STATEMENT
Title Surviving the peace :
Sub Title challenges of war-to-peace transitions for civil society organisations
260 ## - PUBLICATION, DISTRIBUTION, ETC. (IMPRINT)
Place of Publication Berlin:
Name of Publisher Berghof Research Center for Constructive Conflict Management,
Date of Copyright 2007
300 ## - PHYSICAL DESCRIPTION
Extent 110 p. : ill. ; 30 cm.
Physical Details Bibliography included
440 ## - SERIES STATEMENT/ADDED ENTRY--TITLE
Title Berghof series
Volume 16
856 ## - ELECTRONIC LOCATION AND ACCESS
Uniform Resource Identifier <a href="https://edoc.vifapol.de//opus/volltexte/2011/2523/pdf/br16e.pdf">https://edoc.vifapol.de//opus/volltexte/2011/2523/pdf/br16e.pdf</a>
650 ## - SUBJECT ADDED ENTRY--TOPICAL TERM
Topical Term Civil society- Political aspects
650 ## - SUBJECT ADDED ENTRY--TOPICAL TERM
Topical Term Conflict management -Political aspects
650 ## - SUBJECT ADDED ENTRY--TOPICAL TERM
Topical Term Non-governmental organizations- Political aspects
650 ## - SUBJECT ADDED ENTRY--TOPICAL TERM
Topical Term Peace-building- Political aspects
Holdings
Withdrawn status Lost status Source of classification or shelving scheme Damaged status Not for loan Permanent location Current location Date acquired Total Checkouts Full call number Barcode Date last seen Price effective from Koha item type
    Dewey Decimal Classification     Resource center, Muslim Women's Research And Action Forum Resource center, Muslim Women's Research And Action Forum 2024-01-17   361.7 DUD RAF4755 2024-01-17 2024-01-17 Reports

Copyright © 2023 Muslim Women's Research and Action Forum (MWRAF), No 27/3, Anderson Road, Kalubowila, Dehiwela. Funded by The Asia Fundation